Score 0/10 Timer 01:00
0 Plays Today
Clue 4-Letter Word % Correct
Have a strong affection for someone♥ LOVE ♥
93.7%
Have mild affection for someone♥ LIKE ♥
90.8%
To prod with one fingerPOKE
90%
This can be practical or knock-knockJOKE
88.3%
A dryer has a trap to catch thisLINT
85.1%
Old game show: 'What's My ___?LINE
82.9%
A long-snouted bony fishPIKE
81.8%
Have an intense unbridled desire for someone♥ LUST ♥
75.5%
Roman name for ZeusJOVE
73.1%
Tilt to one side, as a boatLIST
64.1%

Today's Daily Dose

Remove Ads.
Support Sporcle.
Get the best of Sporcle when you Go Orange. This ad-free experience offers more features, more stats, and more fun while also helping to support Sporcle. Thank you for becoming a member.

You're not logged in!

Compare scores with friends on all Sporcle quizzes.
OR
Log In

Show Comments

Extras

Top Quizzes Today


Score Distribution

Your Account Isn't Verified!

In order to create a playlist on Sporcle, you need to verify the email address you used during registration. Go to your Sporcle Settings to finish the process.

Report this User

Report this user for behavior that violates our Community Guidelines.

Details: